000 00610nam a2200193 i 4500
001 72706
003 ES-MaACL
005 20240228185850.0
007 t|
008 040902s1971 sp ||||1| spa d
100 1 _aGööck, Roland.
_959091
245 1 0 _aGrandes enigmas de nuestro mundo /
_cRoland Goeoeck ; [traducción, José M. Pomares y R. Fernández].
260 _aBarcelona :
_bNauta,
_c[1971]
300 _a260 p., 20 lám. :
_bil. ;
_c30 cm.
700 0 _aPomares, José M.,
_d1943-
_992903
700 1 _aFernández, R.
_949423
852 _aES-MaACL
_jC-41043
_bR.79590
999 _c72706
_d72706